Modern physics / (Record no. 6745)
[ view plain ]
| 000 -LEADER | |
|---|---|
| fixed length control field | 00682nam a22002177a 4500 |
| 003 - CONTROL NUMBER IDENTIFIER | |
| control field | OSt |
| 005 - DATE AND TIME OF LATEST TRANSACTION | |
| control field | 20200311144229.0 |
| 008 - FIXED-LENGTH DATA ELEMENTS--GENERAL INFORMATION | |
| fixed length control field | 200311b ||||| |||| 00| 0 eng d |
| 020 ## - INTERNATIONAL STANDARD BOOK NUMBER | |
| International Standard Book Number | 003061936x |
| 040 ## - CATALOGING SOURCE | |
| Transcribing agency | 040a |
| 082 ## - DEWEY DECIMAL CLASSIFICATION NUMBER | |
| Classification number | 539 WIL 1984 |
| 100 ## - MAIN ENTRY--PERSONAL NAME | |
| Personal name | Williams, John E |
| 9 (RLIN) | 13841 |
| 245 ## - TITLE STATEMENT | |
| Title | Modern physics / |
| Statement of responsibility, etc. | John E. Williams, Frederick E. Trinklein, H. Clark Metcalfe |
| 260 ## - PUBLICATION, DISTRIBUTION, ETC. (IMPRINT) | |
| Place of publication, distribution, etc. | New York |
| Name of publisher, distributor, etc. | Holt, Rinehart and Winston publishers |
| Date of publication, distribution, etc. | 1984 |
| 300 ## - PHYSICAL DESCRIPTION | |
| Extent | xvi, 720p; |
| Other physical details | col.ill : |
| Dimensions | 18 cm. |
| 504 ## - BIBLIOGRAPHY, ETC. NOTE | |
| Bibliography, etc | Includes bibliographical references and index |
| 650 ## - SUBJECT ADDED ENTRY--TOPICAL TERM | |
| Source of heading or term | Physics |
| 700 ## - ADDED ENTRY--PERSONAL NAME | |
| Personal name | Trinklein, Frederick E. |
| 9 (RLIN) | 13842 |
| 700 ## - ADDED ENTRY--PERSONAL NAME | |
| Personal name | Metcalfe, H. Clark |
| 9 (RLIN) | 13843 |
| 942 ## - ADDED ENTRY ELEMENTS (KOHA) | |
| Source of classification or shelving scheme | Dewey Decimal Classification |
| Koha item type | Open Shelf |
| Withdrawn status | Lost status | Source of classification or shelving scheme | Damaged status | Not for loan | Home library | Current library | Date acquired | Source of acquisition | Inventory number | Total Checkouts | Full call number | Barcode | Date last seen | Price effective from | Koha item type |
|---|---|---|---|---|---|---|---|---|---|---|---|---|---|---|---|
| Dewey Decimal Classification | MUST Main Library | MUST Main Library | 11/03/2020 | Donation | 2000/13813 | 539 WIL 1984 | 2020-0689 | 11/03/2020 | 11/03/2020 | Open Shelf |
